00337nam a2200157Ia 45000010006000000050017000060080041000230410008000640820017000721000023000892450014001122600009001263000028001356500008001636540008001711356420260306164810.0260306t2009||||xx |||||||||||||| ||spa|| aESP a004.678bB84 aBrown, DonaldeAUT 0aStrusts 2 c2009 a512 páginas :c22 cm. aGEN aCCC